000 00824cam a22002414a 4500
020 _a1583671218 (pbk.)
020 _a9781583671214 (pbk.)
020 _a1583671226 (cloth)
020 _a9781583671221 (cloth)
040 _cDLC
041 1 _hfre
082 0 0 _a630 MON 2006 A053 Co.
100 1 _aMazoyer, Marcel,
245 1 2 _aA history of world agriculture :
_bfrom the neolithic age to the current crisis /
260 _aNew York :
_bMonthly Review Press,
_cc2006.
300 _a528 p. :
_bill., maps ;
_c23 cm.
650 0 _aAgriculture
700 1 _aRoudart, Laurence.
856 4 1 _uhttp://www.loc.gov/catdir/toc/ecip056/2005000250.html
856 4 2 _uhttp://www.loc.gov/catdir/enhancements/fy0807/2005000250-b.html
856 4 2 _uhttp://www.loc.gov/catdir/enhancements/fy0807/2005000250-d.html
942 _cEK
999 _c14981
_d14981